Planet Earth as you've never seen it before / (Record no. 315)

MARC details
000 -LEADER
fixed length control field 00980cam a22002774a 4500
005 - DATE AND TIME OF LATEST TRANSACTION
control field 20260322212015.0
008 - FIXED-LENGTH DATA ELEMENTS--GENERAL INFORMATION
fixed length control field data
010 ## - LIBRARY OF CONGRESS CONTROL NUMBER
LC control number 2006050073
020 ## - INTERNATIONAL STANDARD BOOK NUMBER
International Standard Book Number 9780520250543 (alk. paper)
020 ## - INTERNATIONAL STANDARD BOOK NUMBER
International Standard Book Number 0520250540 (alk. paper)
040 ## - CATALOGING SOURCE
Original cataloging agency DLC
Transcribing agency DLC
Modifying agency DLC
-- C#P
-- WC4
-- YDXCP
-- DLC
043 ## - GEOGRAPHIC AREA CODE
Geographic area code x------
050 00 - LIBRARY OF CONGRESS CALL NUMBER
Classification number QB631.2
Item number .P57 2006
082 00 - DEWEY DECIMAL CLASSIFICATION NUMBER
Classification number 508
Edition information 22
092 ## - LOCALLY ASSIGNED DEWEY CALL NUMBER (OCLC)
Classification number 508.22 P57 2006
001 - CONTROL NUMBER
control field data
245 10 - TITLE STATEMENT
Title Planet Earth as you've never seen it before /
Statement of responsibility, etc. Alastair Fothergill.
260 ## - PUBLICATION, DISTRIBUTION, ETC.
Place of publication, distribution, etc. Berkeley :
Name of publisher, distributor, etc. University of California Press,
Date of publication, distribution, etc. c2006.
300 ## - PHYSICAL DESCRIPTION
Extent 309 p. :
Other physical details col. ill., col. map ;
Dimensions 29 cm.
500 ## - GENERAL NOTE
General note Includes index.
650 #0 - SUBJECT ADDED ENTRY--TOPICAL TERM
Topical term or geographic name entry element Habitat (Ecology)
Form subdivision Popular works.
651 #0 - SUBJECT ADDED ENTRY--GEOGRAPHIC NAME
Geographic name Earth
Form subdivision Popular works.
700 1# - ADDED ENTRY--PERSONAL NAME
Personal name Fothergill, Alastair.
856 42 - ELECTRONIC LOCATION AND ACCESS
Materials specified Publisher description
Uniform Resource Identifier <a href="http://www.loc.gov/catdir/enhancements/fy0702/2006050073-d.html">http://www.loc.gov/catdir/enhancements/fy0702/2006050073-d.html</a>
856 42 - ELECTRONIC LOCATION AND ACCESS
Materials specified Contributor biographical information
Uniform Resource Identifier <a href="http://www.loc.gov/catdir/enhancements/fy0735/2006050073-b.html">http://www.loc.gov/catdir/enhancements/fy0735/2006050073-b.html</a>
Holdings
Withdrawn status Lost status Damaged status Not for loan Home library Current library Shelving location Date acquired Total checkouts Full call number Barcode Date last seen Price effective from Koha item type
        Centerville Centerville General stacks 22/03/2026   508 22 BC0010324 22/03/2026 22/03/2026 Books